Từ điển thuật ngữ và tục ngữ Việt Nam
Đã lưu trong:
| Príomhúdar: | |
|---|---|
| Údair Eile: | , |
| Formáid: | Leabhar |
| Foilsithe: |
H.
Giáo Dục
1993
|
| Ábhair: | |
| Clibeanna: |
Cuir Clib Leis
Gan Chlibeanna, Bí ar an gcéad duine leis an taifead seo a chlibeáil!
|
| Thư viện lưu trữ: | Trung tâm Học liệu Lê Vũ Hùng, Trường Đại học Đồng Tháp |
|---|
| LEADER | 00822pam a22002658a 4500 | ||
|---|---|---|---|
| 001 | 00021471 | ||
| 005 | 20171026081025.0 | ||
| 008 | 110525s1993 ||||||Viesd | ||
| 020 | |c 38000 | ||
| 041 | 0 | # | |a Vie |
| 082 | 1 | 4 | |a 398.903 |b T550Đ |
| 100 | 0 | # | |a Vũ Dung |
| 245 | 0 | 0 | |a Từ điển thuật ngữ và tục ngữ Việt Nam |c Vũ Dung, Vũ Thúy Anh, Vũ Quang Hà |
| 260 | # | # | |a H. |b Giáo Dục |c 1993 |
| 300 | # | # | |a 658 tr. |c 21 cm. |
| 650 | # | 4 | |a Thuật ngữ |
| 650 | # | 4 | |a Từ điển |
| 650 | # | 4 | |a Tục ngữ |
| 653 | # | # | |a Việt Nam |
| 700 | 0 | # | |a Vũ Quang Hà |
| 700 | 0 | # | |a Vũ Thúy Anh |
| 852 | # | # | |j KD.0006193 |
| 852 | # | # | |b Kho đọc |j KD.0006193 |
| 910 | 0 | # | |a kìm |d 25/05/2011 |
| 980 | # | # | |a Trung tâm Học liệu Lê Vũ Hùng, Trường Đại học Đồng Tháp |